书目信息 |
| 题名: |
实用配景图集
|
|
| 作者: | 布尔登 著 ;邢淑华 译 | |
| 分册: | ||
| 出版信息: |
|
|
| 页数: | 248页 | |
| 开本: | 26cm | |
| 丛书名: | ||
| 单 册: | ||
| 中图分类: | J239 | |
| 科图分类: | ||
| 主题词: | 绘画--世界 , 绘画--各国 | |
| 电子资源: | ||
| ISBN: | ||
| 000 | 00535nam0 2200181 450 | |
| 001 | 0632113875 | |
| 005 | 20060819085800.70 | |
| 100 | @a20060819d km y0chiy0120 ea | |
| 101 | 0 | @achi |
| 200 | 1 | @a实用配景图集@Ashi yong pei jing tu ji@f恩内斯特·布尔登著@Fen nei si te·bu er deng zhu@g邢淑华译@Gxing shu hua yi |
| 215 | @a248页@d26cm | |
| 606 | 0 | @a绘画@x世界 |
| 606 | 0 | @a绘画@y各国 |
| 690 | @aJ239@v3 | |
| 701 | 0 | @a布尔登@Abu er deng@4著 |
| 702 | 0 | @a邢淑华@Axing shu hua@4译 |
| 801 | 0 | @aCN@bPFT@c20060819 |
| 905 | @a10447@dJ239@e57 | |
| 实用配景图集/恩内斯特·布尔登著/邢淑华译 |
| 248页;26cm |
| ISBN : |
| ● |
| 相关链接 |
|
|
|
|
正题名:实用配景图集
索取号:J239/57
 
预约/预借
| 序号 | 登录号 | 条形码 | 馆藏地/架位号 | 状态 | 备注 |
| 1 | 0466790 | 204667903 | 密集书库/ [索取号:J239/57] | 在馆 | |
| 2 | 0466791 | 204667912 | 密集书库/ [索取号:J239/57] | 在馆 |